| 000 -ლიდერი |
| ფიქსირებული სიგრძის საკონტროლო ველი |
01475nam a2200265Ia 4500 |
| 001 - საკონტროლო ნომერი |
| საკონტროლო ველი |
20843 |
| 003 - საკონტროლო ნომრის იდენტიფიკატორი |
| საკონტროლო ველი |
GE_BSU |
| 005 - ბოლო ოპერაციის თარიღი და დრო |
| საკონტროლო ველი |
20210505223440.0 |
| 008 - ფიქსირებული სიგრძის მონაცემთა ელემენტები - ზოგადი ინფორმაცია |
| ფიქსირებული სიგრძის საკონტროლო ველი |
181216s2012||||ge |||||||||||||| ||geo|| |
| 020 ## - წიგნის საერთაშორისო სტანდარტული ნომერი |
| International Standard Book Number |
9789941414923 |
| 040 ## - კატალოგიზაციის წყარო |
| Transcribing agency |
GE_BSU |
| 041 ## - ენის კოდი |
| Language code of text/sound track or separate title |
geo |
| 080 ## - უნივერსალური ათობითი კლასიფიკაციის ინდექსი |
| Universal Decimal Classification number |
821.14.1'01-394 ტ-92 |
| 100 ## - მთავარი ჩანაწერი - პიროვნების სახელი |
| Personal name |
ტურნიე, მიშელ |
| 9 (RLIN) |
11749 |
| 245 ## - ცნობა სათაურის შესახებ |
| Title |
პარასკევა ანუ ველური ცხოვრება : |
| Remainder of title |
"პარასკევა ანუ წყნარი ოკეანის კარიბჭეების" მიხედვით / |
| Statement of responsibility, etc |
მიშელ ტურნიე ; ფრანგულიდან თარგმნი ვლადიმერ რაქვიაშვილისა ; ილსტრაცია ვარლამ ჯმუხაძისა. |
| 264 ## - წარმოების, გამოცემის, დისტრიბუციის და სხვა ცნობები |
| გამოცემის, წარმოების, დისტრიბუციის... ადგილი |
თბილისი : |
| გამოცემის, წარმოების, დისტრიბუციის... სახელწოდება |
სიესტა, |
| გამოცემის, წარმოების, დისტრიბუციის... თარიღი |
2012. |
| 300 ## - ფიზიკური აღწერა |
| Extent |
144 გვ. ; |
| Dimensions |
20 სმ. |
| 653 ## - INDEX TERM--UNCONTROLLED |
| Uncontrolled term |
ბერძნული ლიტერატურა |
| 653 ## - INDEX TERM--UNCONTROLLED |
| Uncontrolled term |
პარასკევა ანუ ველური ცხოვრება |
| 653 ## - INDEX TERM--UNCONTROLLED |
| Uncontrolled term |
ძველი ბერძნული მითები |
| 700 ## - ADDED ENTRY--PERSONAL NAME |
| Personal name |
რაქვიაშვილი, ვლადიმერ |
| Relator term |
ფრანგულიდან თარგმნა |
| 9 (RLIN) |
11750 |
| 700 ## - ADDED ENTRY--PERSONAL NAME |
| Personal name |
ჯმუხაძე, ვარლამ |
| Relator term |
ილუსტრაცია |
| 9 (RLIN) |
11751 |
| 942 ## - ADDED ENTRY ELEMENTS (KOHA) |
| Koha item type |
წიგნი |
| Source of classification or shelving scheme |
|